Normal view
MARC view
- Bradbury, R. H.
Entry Personal Name
001 - CONTROL NUMBER
- control field: 94889
003 - CONTROL NUMBER IDENTIFIER
- control field: NUST
005 - DATE AND TIME OF LATEST TRANSACTION
- control field: 20220725123734.0
008 - FIXED-LENGTH DATA ELEMENTS
- fixed length control field: 220725|| aca||aabn | a|a d
040 ## - CATALOGING SOURCE
- Original cataloging agency: NUST
- Transcribing agency: NUST
100 ## - HEADING--PERSONAL NAME
- Personal name: Bradbury, R. H.
- Fuller form of name: (Roger H.)
670 ## - SOURCE DATA FOUND
- Source citation: Work cat.: (NUST)0: Bossomaier, Terry R. J. (Terry Richard John), author. 94884, Human dimensions of cybersecurity /
